| 000 | 00906nmc a2200313 a 4500 | ||
|---|---|---|---|
| 003 | AR-BaBNM | ||
| 005 | 20251128205532.0 | ||
| 008 | 027119s1997 ||||||||||||||000 | spa|| | ||
| 020 | _a987-9238-01-1 | ||
| 040 | _cAR-BaBNM | ||
| 100 | 1 | _aNun de Negro, Berta | |
| 245 | 1 | 0 |
_aPlástica en la escuela _bcómo leer los lenguajes artísticos en el nivel inicial y en el primer ciclo |
| 260 |
_aBuenos Aires _bGEEMA _c1997 |
||
| 300 | 0 |
_a130 p. _bdiagr. |
|
| 490 | 0 | _aPropuestas para educadores | |
| 500 | 0 | _aIndice de ilustraciones: p. 129-130 | |
| 504 | _aContiene bibliografía | ||
| 650 | 4 | _aARTE | |
| 650 | 4 | _aEDUCACION ARTISTICA | |
| 650 | 4 | _aCOLOR | |
| 650 | 4 | _aMUSEOS | |
| 650 | 4 | _aAPRECIACION ARTISTICA | |
| 650 | 4 | _aVISITAS A LOS MUSEOS | |
| 653 | 0 | _aEDUCACION INICIAL | |
| 653 | 0 | _aPRIMER CICLO DE LA EGB | |
| 800 | 1 |
_aSalles, Norma _edirector |
|
| 942 | _cBK | ||
| 998 | _cSILVI | ||
| 999 |
_c11789 _d11789 |
||